| 000 | 03259nam0a2200517 4500 | ||
|---|---|---|---|
| 001 | RU\NLR\BIBL_A\011945394 | ||
| 005 | 20250809113137.0 | ||
| 020 |
_aRU _9Ленинград в Великой Отечественной войне. Коллекция. Афиши |
||
| 035 | _a(NLR Aleph) 011945394 | ||
| 090 |
_a65420 _c65420 |
||
| 100 | _a20190225d1943 u y0rusy50 ca | ||
| 101 | 0 | _arus | |
| 102 | _aRU | ||
| 105 | _ay z 000zy | ||
| 135 | _acrcn 024anaba | ||
| 200 | 1 |
_aГастроли джаз-ансамбля под руков. Лауреата Всесоюзн. конк. мастер. эстрады Клавдии Шульженко и Владимира Коралли, Июль 1943 г. 26 понедельник, 27 вторник, 28 среда, 29 четверг, 30 пятнца, 31 суббота _eсолисты балета Алла Ким и Анатолий Кастелио, _e[афиша] _fУправление по делам искусств Исполкома Ленгорсовета, Сад отдыха, Закрытый летний театр, Ленгорэстрада |
|
| 210 |
_a[Ленинград] _cЛТУ№Н-9 _d1943 |
||
| 215 |
_a1 л. _d52х71 |
||
| 300 | _aКасса открыта с 11 до 20 час. Начало в 19 часов | ||
| 300 | _aЗак. 1044 | ||
| 325 | _aКопия доступна в Электрон. б-ке РНБ | ||
| 606 | 1 |
_aТеатральная жизнь _yЛенинград, город _z1941 - 1944 _jАфиши _2nlr_sh2 _3RU\NLR\AUTH\6601649837 |
|
| 686 | _aЩ333(2Р=Рус)7- 692Ленинград | ||
| 702 | 1 |
_aШульженко _bК. И. _f1906-1984 _gКлавдия Ивановна _3RU\NLR\AUTH\7752689 _4005 |
|
| 702 | 1 |
_aКоралли _bВ. Ф. _f1906-1995 _gВладимир Филиппович _3RU\NLR\AUTH\770201892 _4005 |
|
| 702 | 1 |
_aКим _bА. И. _cбалерина _f1921-1995 _gАлла Ивановна _3RU\NLR\AUTH\770201900 _4005 |
|
| 702 | 1 |
_aКастелио _bА. _cартист балета _gАнатолий _3RU\NLR\AUTH\770201902 _4005 |
|
| 711 | 0 | 2 |
_aДжаз-ансамбль К. Шульженко и В. Коралли _cЛенинград _3RU\NLR\AUTH\880495855 |
| 712 | 0 | 2 |
_aСад отдыха _cЛенинград _bЗакрытый летний театр _3RU\NLR\AUTH\880495861 _4570 |
| 852 |
_aNLR _jЛ3-330а/14/3/1943-июль (4) |
||
| 856 | 0 | _uhttp://vivaldi.nlr.ru/la700000211/view | |
| 856 | 1 | _uhttp://vivaldi.nlr.ru/la700000211/cover | |
| 856 | 2 | _uhttp://vivaldi.nlr.ru/la700000211/text | |
| 942 | _cVISUAL | ||
| 945 | _aРоссийская национальная библиотека | ||
| 980 | _aNB | ||
| 980 | _aBV | ||
| 980 | 3 | _akplen | |
| 980 | 3 | _akp | |
| 981 | 3 | 7 |
_a(37) Ленинград в Великой Отечественной войне _b(37) Афиши блокадного Ленинграда |